000 00437nam a2200169Ia 4500
008 221030s9999 xx 000 0 und d
020 _a0074639374
041 _aEnglish
082 _a105.23
_bTok
100 _aR. L. Tokheim ( PR )
245 0 _aDigital Electronics Principles & Applications ( PR )
_cby R. L. Tokheim ( PR )
250 _a5th
260 _bTMH
_aNew Delhi
_c0
300 _a406
650 _aBE Computer
942 _cBK
999 _c6613
_d6613